000 00514nam a2200157Ia 4500
003 GCL
008 140319s9999 xx 000 0 eng d
040 _aGCL /
_cGCL
082 0 4 _aCC
_b901.9
_bI C
100 1 _aINSTITUT FRENCAIS D'ARCHEOLOGIE ORIENTAL
245 1 0 _aCOMMUNICATIONS PRESENTEES AU CONGRES DU CENTENSIRE DE L'INSTITUT D'EGYPTE /
_cINSTITUT FRENCAIS D'ARCHEOLOGIE ORIENTAL
260 _a[S.N] :
_bINSTITUT D'ORIENT ،
_c1977
650 0 4 _aINSTITUTIONS
650 0 4 _aEGYPT - HISTORY
942 _2ddc
_cBK
999 _c19252
_d19252